000 02393nam a2200229Ia 4500
003 Ost
005 20260507074933.0
008 260507s9999||||xx |||||||||||||| ||und||
020 _a9957181718
040 _cfsecg
041 _aara
082 _a330.121
100 _aالدبو، ابراهيم فاضل
_eمؤلف
245 0 _aالاقتصاد الاسلامي دراسة و تطبيق /
_c ابراهيم فاضل الدبو
260 _aعمان:
_bدار المناهج للنشر,
_c2008
300 _a286 صفحة؛
_bإيضاحات ؛
_c24 سم
504 _aبيبليوغرافيا ص.285
520 _aعالج الكتاب الموضوع في فصلين رئيسين تناول الأول منهما دارسة في الإقتصاد الأسلامي حيث جاءت في خمسة مباحث تناول الأول مفهوم الإقتصاد الأسلامي فيما تناول المبحث الثاني مصادر الأقتصاد الأسلامي وأركانة فيما تناول المبحث الثالث التفرقة بين الأقتصاد الإسلامي وبين الأقتصاديات الوضعية فيما تناول المبحث الرابع المشكلة الأقتصادية وعلاجها من منظور أسلامي فيما تناول المبحث الخامس والأخير أسباب أهمال تطبيق الأقتصاد الأسلامي وأثرة في واقع الأمة . وجاء الفصل الثاني متناولا نماذج تطبيقية للأقتصاد الأسلامي حيث جاء في ستة مباحث تناول المبحث الأول موقف المؤجر من تصرفات المستأجر غير المشروعة فيما تناول المبحث الثاني المرابحة للآمر بالشراء فيما تناول المبحث الثالث البيع بالتقسيط فيما تناول المبحث الرابع إجراء العقود بوسائل الأتصال الحديثة فيما تناول المبحث الخامس الإقالة وأحكامها في الشريعة والقانون فيما تناول المبحث السادس الأحكام المترتبة على الشركة في الدين دراسة مقارنة في الفقه الإسلامي والقانون المدني.
653 _aاقتصاد اسلامي
653 _aالاقتصاد والاسلام
942 _cكتاب
999 _c41864
_d41864